[Event "Stuttgart-chB int"]
[Site "Ditzingen"]
[Date "2013.05.11"]
[Round "6"]
[White "Dallinger, Moritz"]
[Black "Strauss, Martin"]
[Result "1-0"]
[WhiteElo "1528"]
[BlackElo "1792"]
[PlyCount "117"]
[EventDate "2013.05.09"]
[EventType "swiss"]
[EventRounds "7"]
[EventCountry "GER"]
[SourceTitle "EXT 2014"]
[Source "ChessBase"]
[SourceDate "2013.11.20"]
[SourceVersion "1"]
[SourceVersionDate "2013.11.20"]
[SourceQuality "1"]

1. e4 e5 2. Nf3 Nc6 3. Bb5 Nf6 4. 0-0 Nxe4 5. Nxe5 Nxe5 6. Re1 Be7 7. Rxe4 Ng6 8. d4 c6 9. Bd3 d5 10. Re1 0-0 11. Nd2 Bd6 12. Nf3 Bg4 13. h3 Bxf3 14. Qxf3 Qf6 15. Qxf6 gxf6 16. g3 Rfe8 17. Bd2 a6 18. h4 Nf8 19. c3 Rad8 20. Re3 Rxe3 21. Bxe3 Re8 22. Kg2 Ne6 23. Bf5 Ng7 24. Bd3 Nh5 25. Re1 Ng7 26. Kf1 b5 27. Bd2 Re6 28. Bh6 f5 29. Bxg7 Kxg7 30. Bxf5 Rf6 31. g4 h5 32. Ke2 hxg4 33. Bxg4 Rf4 34. Rg1 Kh6 35. Bd7 c5 36. Rg4 cxd4 37. Rxf4 Bxf4 38. cxd4 Kh5 39. Be8 Kg6 40. Bc6 Bc1 41. b3 f6 42. Bxd5 Kh5 43. Bb7 a5 44. d5 Bf4 45. Kf3 Be5 46. Ke4 Kxh4 47. f4 Bd6 48. Kf5 Kg3 49. Kxf6 Kxf4 50. Ke6 Bf8 51. d6 Bh6 52. Ke7 b4 53. d7 Bg5+ 54. Ke8 Ke3 55. d8Q Bxd8 56. Kxd8 Kd3 57. Kc7 Kc2 58. Kb6 Kb2 59. Kxa5 1-0

[Event "Stuttgart-chB int"]
[Site "Ditzingen"]
[Date "2012.05.17"]
[Round "1"]
[White "Mayer, Markus1111"]
[Black "Strauss, Martin"]
[Result "1/2-1/2"]
[WhiteElo "1599"]
[BlackElo "1811"]
[PlyCount "47"]
[EventDate "2012.05.17"]
[EventType "swiss"]
[EventRounds "7"]
[EventCountry "GER"]
[SourceTitle "EXT 2018"]
[Source "ChessBase"]
[SourceDate "2017.10.13"]
[SourceVersion "1"]
[SourceVersionDate "2017.10.13"]
[SourceQuality "1"]

1. d4 d5 2. c4 e6 3. Nc3 Nf6 4. Bg5 Nbd7 5. e3 c6 6. Nf3 Be7 7. Qc2 dxc4 8. Bxc4 Nd5 9. Bxe7 Qxe7 10. 0-0 0-0 11. e4 Nxc3 12. bxc3 b5 13. Bd3 a6 14. e5 g6 15. a4 Bb7 16. Qe2 Nb6 17. a5 Nd5 18. c4 Nf4 19. Qe3 Nxd3 20. Qxd3 Rfd8 21. Rfd1 Rd7 22. c5 Rad8 23. Rac1 Rd5 24. Rd2 1/2-1/2

[Event "Stuttgart-chB int"]
[Site "Ditzingen"]
[Date "2012.05.17"]
[Round "2"]
[White "Strauss, Martin"]
[Black "Beutler, Kevin"]
[Result "1/2-1/2"]
[WhiteElo "1811"]
[BlackElo "1585"]
[PlyCount "47"]
[EventDate "2012.05.17"]
[EventType "swiss"]
[EventRounds "7"]
[EventCountry "GER"]
[SourceTitle "EXT 2018"]
[Source "ChessBase"]
[SourceDate "2017.10.13"]
[SourceVersion "1"]
[SourceVersionDate "2017.10.13"]
[SourceQuality "1"]

1. e4 e6 2. d4 d5 3. Nd2 c5 4. dxc5 Bxc5 5. Nb3 Qb6 6. Nxc5 Qxc5 7. exd5 exd5 8. Qe2+ Ne7 9. Qb5+ Qc6 10. Nf3 a6 11. Qxc6+ Nbxc6 12. Bd2 Bf5 13. Rc1 0-0 14. Bd3 a5 15. a3 Be4 16. Be2 Nf5 17. 0-0 Ncd4 18. Nxd4 Nxd4 19. Bd1 Rfc8 20. c3 Nb5 21. Be2 Nd6 22. b3 a4 23. b4 Nc4 24. Bxc4 1/2-1/2

[Event "Stuttgart-chB int"]
[Site "Ditzingen"]
[Date "2009.05.22"]
[Round "4"]
[White "Baumann, Michaela"]
[Black "Strauss, Martin"]
[Result "1/2-1/2"]
[WhiteElo "1413"]
[BlackElo "1660"]
[PlyCount "140"]
[EventDate "2009.05.21"]
[EventType "swiss"]
[EventRounds "7"]
[EventCountry "GER"]
[SourceTitle "EXT 2018"]
[Source "ChessBase"]
[SourceDate "2017.10.13"]
[SourceVersion "1"]
[SourceVersionDate "2017.10.13"]
[SourceQuality "1"]

1. d4 d5 2. Nf3 e6 3. c4 Nf6 4. Nc3 c6 5. Bf4 Bd6 6. Bxd6 Qxd6 7. e3 Nbd7 8. Be2 0-0 9. 0-0 b6 10. cxd5 exd5 11. Qc2 Re8 12. Rac1 Bb7 13. a3 Ne4 14. Bd3 f5 15. Ne2 Rac8 16. b4 b5 17. Ra1 a6 18. Qb2 Qf6 19. a4 g5 20. Ne5 Nxe5 21. dxe5 Qxe5 22. Qxe5 Rxe5 23. axb5 cxb5 24. Rfc1 Ree8 25. f3 Nd6 26. Nd4 Rxc1+ 27. Rxc1 Rc8 28. Rxc8+ Bxc8 29. Nc6 Kf7 30. f4 h6 31. g3 Kf6 32. Kf1 Bb7 33. Nd4 Bc8 34. Ke2 Bd7 35. Kd2 Ne8 36. Ke2 g4 37. Kf2 h5 38. Kg2 Nd6 39. Kf2 Nc8 40. Ke2 Nb6 41. Kd2 Nc8 42. Ke2 Ne7 43. Kd2 Nc6 44. Kc3 Nd8 45. Kd2 Nf7 46. Ke2 Nh6 47. Kd2 Ke7 48. Kc3 Kd6 49. Kb3 Kc7 50. Kc3 Kb6 51. Kb3 a5 52. Ka3 Ka6 53. Bc2 a4 54. Bd3 Kb6 55. Bc2 Nf7 56. Bxf5 Bc6 57. Bg6 Nd6 58. f5 Nc4+ 59. Ka2 Ne5 60. Bxh5 Kc7 61. f6 Kd6 62. Nxc6 Nxc6 63. f7 Ke7 64. Bxg4 Nxb4+ 65. Kb2 Nd3+ 66. Ka2 Ne5 67. Be2 Kxf7 68. Bxb5 Ng4 69. h4 Nxe3 70. Bxa4 Nf5 1/2-1/2